[Event "TUR Cup"]
[Site "Antalya"]
[Date "2017.02.04"]
[Round "11"]
[White "Koc, Serkan"]
[Black "Aktas, Hakan"]
[Result "1-0"]
[WhiteElo "1756"]
[BlackElo "1612"]
[PlyCount "91"]
[EventDate "2017.01.28"]
[EventType "swiss"]
[EventRounds "11"]
[EventCountry "TUR"]
[SourceTitle "EXT 2018"]
[Source "ChessBase"]
[SourceDate "2017.10.13"]
[SourceVersion "1"]
[SourceVersionDate "2017.10.13"]
[SourceQuality "1"]

1. e4 c5 2. Nf3 e6 3. d4 cxd4 4. Nxd4 a6 5. c4 Nf6 6. Bd3 Nc6 7. Nxc6 bxc6 8. 0-0 Qc7 9. b3 Be7 10. Ba3 c5 11. f4 d6 12. Bb2 Bb7 13. Nd2 h5 14. h3 0-0-0 15. Qc2 Nd7 16. Rae1 f6 17. a3 Rhg8 18. b4 g5 19. f5 exf5 20. exf5 Ne5 21. Be4 g4 22. h4 g3 23. Bd5 Rg4 24. Re4 Bxd5 25. cxd5 Rdg8 26. Rc1 Rxe4 27. Nxe4 Rg4 28. bxc5 dxc5 29. Qa4 Kb7 30. Bxe5 fxe5 31. f6 Bd6 32. Nxd6+ Qxd6 33. Rb1+ Kc7 34. Qa5+ Kd7 35. f7 Ke7 36. Rb7+ Kf8 37. Rb6 Qxd5 38. Rb8+ Kxf7 39. Qc7+ Kg6 40. Rb6+ Kf5 41. Rd6 Qg8 42. Qc6 Qf7 43. Qxc5 Re4 44. Qc8+ Kf4 45. Qc1+ Kf5 46. Qg5# 1-0

[Event "TUR Cup"]
[Site "Antalya"]
[Date "2017.01.31"]
[Round "6"]
[White "Aktas, Hakan"]
[Black "Eremkere, Mehmet Halil"]
[Result "0-1"]
[WhiteElo "1612"]
[BlackElo "1752"]
[PlyCount "64"]
[EventDate "2017.01.28"]
[EventType "swiss"]
[EventRounds "11"]
[EventCountry "TUR"]
[SourceTitle "CBM 176 Extra"]
[Source "ChessBase"]
[SourceDate "2017.03.02"]
[SourceVersion "1"]
[SourceVersionDate "2017.03.02"]
[SourceQuality "1"]

1. e4 e5 2. Nf3 Nc6 3. d4 exd4 4. Bc4 d6 5. Nxd4 Nf6 6. Nxc6 bxc6 7. Nc3 Be7 8. 0-0 0-0 9. Be3 Bb7 10. Qe2 c5 11. f3 c6 12. Rad1 Qc7 13. Qf2 Rad8 14. Qg3 Nh5 15. Qh3 g6 16. f4 Bf6 17. f5 Bxc3 18. fxg6 hxg6 19. bxc3 d5 20. Be2 Ng7 21. Rf4 f5 22. Bxc5 Qxf4 23. Bd4 fxe4 24. c4 Bc8 25. g4 Nh5 26. Be3 Qe5 27. Bd4 Qg5 28. Ba1 Rf4 29. Qc3 Bxg4 30. Kh1 Bxe2 31. Qh8+ Kf7 32. Qh7+ Ke6 0-1

[Event "TUR Cup"]
[Site "Antalya"]
[Date "2017.01.31"]
[Round "5"]
[White "Bori, Ekin Sukru"]
[Black "Aktas, Hakan"]
[Result "0-1"]
[WhiteElo "1596"]
[BlackElo "1612"]
[PlyCount "140"]
[EventDate "2017.01.28"]
[EventType "swiss"]
[EventRounds "11"]
[EventCountry "TUR"]
[SourceTitle "CBM 176 Extra"]
[Source "ChessBase"]
[SourceDate "2017.03.02"]
[SourceVersion "1"]
[SourceVersionDate "2017.03.02"]
[SourceQuality "1"]

1. d4 d5 2. c4 e6 3. Nc3 c5 4. e3 Nc6 5. Nf3 Nf6 6. Be2 dxc4 7. Bxc4 a6 8. a4 cxd4 9. exd4 Bb4 10. 0-0 0-0 11. Bg5 Be7 12. Qd2 Qb6 13. Rfd1 Rd8 14. Be3 Ng4 15. h3 Nxe3 16. fxe3 Na5 17. Ba2 Bd7 18. Rab1 Bb4 19. Ne5 Be8 20. Qd3 Bd6 21. Nc4 Nxc4 22. Bxc4 Rac8 23. b3 Qa5 24. Ne4 b5 25. Ng5 g6 26. Bxe6 fxe6 27. Nxe6 Rd7 28. Rf1 Rf7 29. Qe4 Qb6 30. Ng5 Qc7 31. Nxf7 Bxf7 32. axb5 axb5 33. Qd3 b4 34. Qb5 Qe7 35. Rf3 Rb8 36. Qc6 Qe6 37. Qc2 Rc8 38. Qd2 Qe4 39. Rc1 Re8 40. Qd1 Bd5 41. Qd2 Bxb3 42. Rf6 Be6 43. d5 Qe5 44. Rxe6 Qh2+ 45. Kf2 Rf8+ 46. Ke2 Qxg2+ 47. Kd1 Rf2 48. Rc8+ Kf7 49. Qxf2+ Qxf2 50. Rxd6 Qf1+ 51. Kd2 Qf2+ 52. Kd1 Qg1+ 53. Kc2 Qh2+ 54. Kb3 Qxd6 55. e4 Qa6 56. Rc7+ Kg8 57. Rc6 Qa3+ 58. Kc4 b3 59. d6 Qc1+ 60. Kd5 b2 61. d7 Qd1+ 62. Ke6 Qxd7+ 63. Kxd7 b1Q 64. e5 Qf5+ 65. e6 Qxh3 66. Ke8 Qf5 67. e7 Qb5 68. Kd7 Qd5+ 69. Rd6 Qb5+ 70. Ke6 Qf5# 0-1

[Event "TUR Cup"]
[Site "Antalya"]
[Date "2017.01.29"]
[Round "3"]
[White "Catal, Uktenur"]
[Black "Aktas, Hakan"]
[Result "0-1"]
[WhiteElo "1666"]
[BlackElo "1612"]
[PlyCount "90"]
[EventDate "2017.01.28"]
[EventType "swiss"]
[EventRounds "11"]
[EventCountry "TUR"]
[SourceTitle "CBM 176 Extra"]
[Source "ChessBase"]
[SourceDate "2017.03.02"]
[SourceVersion "1"]
[SourceVersionDate "2017.03.02"]
[SourceQuality "1"]

1. Nf3 c5 2. g3 g6 3. Bg2 Bg7 4. d4 Nf6 5. 0-0 0-0 6. c4 cxd4 7. Nxd4 Nc6 8. Nc3 a6 9. Nf3 d6 10. e4 Be6 11. Qe2 Na5 12. Nd5 Rc8 13. Nd2 Bg4 14. f3 Nxd5 15. exd5 Bf5 16. Kh1 Qc7 17. Re1 Rfe8 18. Bf1 b6 19. a4 Qc5 20. Qd1 Qd4 21. Qe2 Qc5 22. Qd1 h5 23. Nb3 Qb4 24. Nxa5 bxa5 25. Qe2 Bd3 26. Qd2 Bxc4 27. Bh3 Rc5 28. Qf2 Bxd5 29. Be3 Rc7 30. Rad1 Qb7 31. Bg2 Bb3 32. Rd2 Rec8 33. Rde2 Rc2 34. h4 Bxb2 35. Bh3 e6 36. Bf4 d5 37. Bd2 Bc4 38. Qe3 d4 39. Qf4 Bxe2 40. Rxe2 Qc6 41. Kh2 d3 42. Rf2 Bc1 43. Bg2 Bxd2 44. Rxd2 Rxd2 45. Qxd2 Qc2 0-1

[Event "TUR Cup"]
[Site "Antalya"]
[Date "2017.01.28"]
[Round "1"]
[White "Karacan, Canberk"]
[Black "Aktas, Hakan"]
[Result "1-0"]
[WhiteElo "1925"]
[BlackElo "1612"]
[PlyCount "63"]
[EventDate "2017.01.28"]
[EventType "swiss"]
[EventRounds "11"]
[EventCountry "TUR"]
[SourceTitle "CBM 176 Extra"]
[Source "ChessBase"]
[SourceDate "2017.03.02"]
[SourceVersion "1"]
[SourceVersionDate "2017.03.02"]
[SourceQuality "1"]

1. e4 d5 2. exd5 Qxd5 3. Nc3 Qd8 4. d4 Nf6 5. Nf3 Bg4 6. h3 Bxf3 7. Qxf3 c6 8. Be3 e6 9. Bd3 Nbd7 10. 0-0 Bd6 11. Ne2 0-0 12. c4 Qc7 13. Nc3 a6 14. Bc2 Rfd8 15. Rad1 b5 16. b3 b4 17. Ne2 Rac8 18. Rfe1 Qb7 19. Bg5 Be7 20. Ng3 h6 21. Bf4 Nb6 22. Ne4 Nfd5 23. cxd5 cxd5 24. Nc5 Bxc5 25. dxc5 Rxc5 26. Qd3 Qc6 27. Rc1 f5 28. Bb1 Rc3 29. Qd4 a5 30. Bd2 Rxc1 31. Rxc1 Qb7 32. Qe5 1-0